Tim Duncan's All-Star Team Mates - Statistics

General Stats
  • This quiz has been taken 320 times
  • The average score is 6 of 14
Answer Stats
First All-Star Selection # of Selections Player % Correct
2005 2 Manu Ginobili
99%
2006 6 Tony Parker
99%
1990 10 David Robinson
97%
2000 2 Glenn Robinson
95%
2016 2 Kawhi Leonard
93%
2012 6 LaMarcus Aldridge
58%
1993 2 Sean Elliott
33%
2000 2 Michael Finley
15%
1998 1 Steve Smith
13%
2001 1 Antonio McDyess
5%
2008 2 David West
4%
1992 1 Kevin Willis
3%
1991 2 Terry Porter
2%
2001 1 Theo Ratliff
1%
No matching quizzes found
Score Distribution
Percent of People with Each Score
Percentile by Number Answered
Your Score History
You have not taken this quiz